東海オンエアメンバーの本名クイズ - Statistics

General Stats
  • This quiz has been taken 25 times
  • The average score is 5 of 6
Answer Stats
活動名 本名(フルネームで) % Correct
しばゆー 柴田裕輔
100%
りょう 福尾亮
96%
としみつ 鈴木俊光
91%
ゆめまる 杭全夢丸
87%
てつや 小栁津徹也
83%
虫眼鏡 河合太紀
43%
No matching quizzes found
Score Distribution
Percent of People with Each Score
Percentile by Number Answered
Your Score History
You have not taken this quiz